<?xml version="1.0" encoding="UTF-8"?>
<collection xmlns="http://www.loc.gov/MARC21/slim">
 <record>
  <leader>01033pam a22003018a 4500</leader>
  <controlfield tag="001">00028246</controlfield>
  <controlfield tag="005">20171026081023.0</controlfield>
  <controlfield tag="008">120308s2011                  ||||||Viesd</controlfield>
  <datafield tag="041" ind1="0" ind2="#">
   <subfield code="a">Vie</subfield>
  </datafield>
  <datafield tag="082" ind1="1" ind2="4">
   <subfield code="a">500</subfield>
   <subfield code="b">D126R</subfield>
  </datafield>
  <datafield tag="100" ind1="1" ind2="#">
   <subfield code="a">Trần, Sĩ Huệ</subfield>
  </datafield>
  <datafield tag="245" ind1="1" ind2="0">
   <subfield code="a">Dây rừng và chim thú ở cao nguyên Vân Hòa tỉnh Phú Yên</subfield>
   <subfield code="c">Trần Sĩ Huệ</subfield>
  </datafield>
  <datafield tag="260" ind1="#" ind2="#">
   <subfield code="a">Hà Nội</subfield>
   <subfield code="b">Văn hóa Dân tộc</subfield>
   <subfield code="c">2011</subfield>
  </datafield>
  <datafield tag="300" ind1="#" ind2="#">
   <subfield code="a">335 tr.</subfield>
   <subfield code="c">21 cm.</subfield>
  </datafield>
  <datafield tag="500" ind1="#" ind2="#">
   <subfield code="a">Dự án công bố, phổ biến tài sản văn hóa, văn nghệ dân gian Việt Nam</subfield>
  </datafield>
  <datafield tag="541" ind1="#" ind2="#">
   <subfield code="a">Tặng</subfield>
  </datafield>
  <datafield tag="650" ind1="#" ind2="4">
   <subfield code="v">Vân Hòa (Phú Yên)</subfield>
   <subfield code="z">Chim thú</subfield>
  </datafield>
  <datafield tag="650" ind1="#" ind2="4">
   <subfield code="x">Dây rừng</subfield>
   <subfield code="a">Vân Hòa (Phú Yên)</subfield>
  </datafield>
  <datafield tag="710" ind1="2" ind2="#">
   <subfield code="a">Hội Văn nghệ dân gian Việt Nam</subfield>
  </datafield>
  <datafield tag="852" ind1="#" ind2="#">
   <subfield code="j">KD.0012583</subfield>
  </datafield>
  <datafield tag="852" ind1="#" ind2="#">
   <subfield code="j">KD.0012583</subfield>
   <subfield code="b">Kho đọc</subfield>
  </datafield>
  <datafield tag="910" ind1="#" ind2="#">
   <subfield code="a">Ntuyet</subfield>
   <subfield code="d">08/03/2012</subfield>
  </datafield>
  <datafield tag="980" ind1="#" ind2="#">
   <subfield code="a">Trung tâm Học liệu Lê Vũ Hùng, Trường Đại học Đồng Tháp</subfield>
  </datafield>
 </record>
</collection>
